Psicología de los medios de comunicación: manual de conceptos básicos
שמור ב:
| Main Authors: | , |
|---|---|
| פורמט: | ספר |
| שפה: | ספרדית |
| יצא לאור: |
Barcelona
Herder
1986
|
| סדרה: | Biblioteca de Psicología, 143
|
| נושאים: | |
| תגים: |
הוספת תג
אין תגיות, היה/י הראשונ/ה לתייג את הרשומה!
|
MARC
| LEADER | 00000nam a2200000 a 4500 | ||
|---|---|---|---|
| 001 | UCX4539 | ||
| 003 | CL-VaPUC | ||
| 008 | 920610e19860000SP |||||||||||||||||spa|d | ||
| 082 | 0 | 4 | |a 302.234 |b KAG |2 21 |
| 100 | 0 | |a Kagelmann, H. Jurgen |e author |9 320713 | |
| 700 | 0 | |a Wenninger, Gerd |e author |9 320714 | |
| 245 | 1 | 0 | |a Psicología de los medios de comunicación: manual de conceptos básicos |
| 300 | |a 398 p | ||
| 942 | |c BK | ||
| 945 | |d 19920610 00:00:00 | ||
| 260 | |a Barcelona |b Herder |c 1986 | ||
| 650 | 0 | |a Medios de comunicación de masas |9 257273 | |
| 650 | 0 | |a Aspectos psicológicos |9 258128 | |
| 583 | |a last modification |c 19920610 00:00:00 |k Rodrigo Vera | ||
| 490 | 0 | |a Biblioteca de Psicología, 143 | |
| 999 | |c 224974 |d 224972 | ||
| 952 | |0 0 |1 0 |4 0 |6 302_234000000000000_KAG_1986 |7 0 |8 A |9 222101 |a FDOPOS |b FDOPOS |d 2019-11-15 |i 2909510 |o 302.234 KAG 1986 |p 2909510 |r 2025-01-22 |w 2019-11-15 |y BK |k MLA | ||
| 952 | |0 0 |1 0 |4 0 |6 302_234000000000000_KAG_1986 |7 0 |8 A |9 222102 |a BIBCUR |b BIBCUR |d 2019-11-15 |i 3222233 |o 302.234 KAG 1986 |p 3222233 |r 2025-04-22 |w 2019-11-15 |y BK |k PER | ||
| 952 | |0 0 |1 0 |4 0 |6 302_234000000000000_KAG_1986 |7 0 |8 A |9 222103 |a BIBCUR |b BIBCUR |d 2019-11-15 |i 3479854 |l 1 |o 302.234 KAG 1986 |p 3479854 |r 2025-04-22 |s 2022-08-16 |w 2019-11-15 |y BK |k PER | ||